000 00592nam a22001697a 4500
005 20231108103505.0
008 231108b |||||||| |||| 00| 0 eng d
041 _aEnglish
082 _a346.3 MCK
100 _aMcKerron, RG
_lEnglish
245 _aThe Law of Delict :
_bA Treatise on the Principles of Liability for Civil Wrongs in the Law of South Africa /
_cRG McKerron
250 _aSeventh Edition
260 _aCape Town :
_bJuta and Company Ltd,
_c1971
300 _bxliv, 342 pages ;
_c26 cm.
650 _aLegal practice
_bLaw
942 _cBK
_6ALISON_BN_VRIES
999 _c419
_d419